000 00696nam a2200241Ia 4500
001 dia_3373
003 CHAP
005 20251021155049.0
008 220117s1977 xx 000 0 und d
010 _a173841
040 _cCHAP
082 _a631.7 E53I
110 _aENA. Colegio de Posgraduados
_9154578
245 _aManual para Proyectos de Pequeñas Obras Hidraulicas para Riego y Abrevadero /
_c por ENA y CP
260 _aChapingo, México :
_b CP,
_c1977
300 _a247 P.
503 _aD
650 _a1.Proyectos Agrícolas
_9154579
901 _a631.7 E53I
902 _aM
905 _a0000001977 MX A 0000000000SPA00
942 _cLIBRO
_2ddc
999 _c173841
_d173841